000
00438nam a22001577a 4500
082
_a
BSCS-3 KUL
100
_a
Kuldeep Kumar | Muhammad Zaheer
245
_a
Roadway Intelligence
260
_a
Islamabad
_b
NUST-SEECS
_c
2017
300
_a
54p.
563
_a
HBK.
856
_u
Roadway Intelligence
942
_2
ddc
_c
PR
999
_c
331434
_d
331434